| 000 -ლიდერი |
| ფიქსირებული სიგრძის საკონტროლო ველი |
01701nam a22002657a 4500 |
| 003 - საკონტროლო ნომრის იდენტიფიკატორი |
| საკონტროლო ველი |
Ge_BSU |
| 005 - ბოლო ოპერაციის თარიღი და დრო |
| საკონტროლო ველი |
20241008154941.0 |
| 008 - ფიქსირებული სიგრძის მონაცემთა ელემენტები - ზოგადი ინფორმაცია |
| ფიქსირებული სიგრძის საკონტროლო ველი |
241008s2024 ge ||||| |||| 00| 0 geo d |
| 020 ## - წიგნის საერთაშორისო სტანდარტული ნომერი |
| International Standard Book Number |
9789941988844 |
| 041 ## - ენის კოდი |
| Language code of text/sound track or separate title |
geo |
| 080 ## - უნივერსალური ათობითი კლასიფიკაციის ინდექსი |
| Universal Decimal Classification number |
726:27--523.4(=353.1)(560) ბ-29 |
| 245 ## - ცნობა სათაურის შესახებ |
| Title |
ბასიანი : |
| Remainder of title |
კულტურის ძეგლების კატალოგი / |
| Statement of responsibility, etc |
ავტორები :თეიმურაზ ხუციშვილი, ნოდარ არონიშიძე, დავით გაჩეჩილაძე და სხვ. |
| 264 ## - წარმოების, გამოცემის, დისტრიბუციის და სხვა ცნობები |
| გამოცემის, წარმოების, დისტრიბუციის... ადგილი |
თბილისი : |
| გამოცემის, წარმოების, დისტრიბუციის... სახელწოდება |
კავკასიის უნივერსიტეტის გამომცემლობა, |
| გამოცემის, წარმოების, დისტრიბუციის... თარიღი |
2024. |
| 300 ## - ფიზიკური აღწერა |
| Extent |
200 გვ. : |
| Other physical details |
ფოტ. ; |
| Dimensions |
29 სმ. |
| 500 ## - ზოგადი შენიშვნა |
| General note |
თავფურცლის მე-2 გვერდი ინგლისურ ენაზე. |
| 501 ## - შენიშვნა თანმხლებ მასალაზე |
| With note |
გარეკანი და ტექსტი ქართულ და ინგლისურ ენებზე. |
| 504 ## - BIBLIOGRAPHY, ETC. NOTE |
| Bibliography, etc |
ბიბლიოგრაფია: გვ. 195-199. |
| 653 ## - INDEX TERM--UNCONTROLLED |
| Uncontrolled term |
ქართული ეკლესიები თურქეთში |
| 700 ## - ADDED ENTRY--PERSONAL NAME |
| Personal name |
ხუციშვილი, თეიმურაზ |
| Relator term |
ავტორი |
| 9 (RLIN) |
5232 |
| 700 ## - ADDED ENTRY--PERSONAL NAME |
| Personal name |
არონიშიძე, ნოდარ |
| Relator term |
ავტორი |
| 9 (RLIN) |
23349 |
| 700 ## - ADDED ENTRY--PERSONAL NAME |
| Personal name |
გაჩეჩილაძე, დავითდა სხვ. |
| Relator term |
ავტორი |
| 9 (RLIN) |
23350 |
| 773 ## - HOST ITEM ENTRY |
| Title |
ნაჩუქარი |
| 856 ## - ELECTRONIC LOCATION AND ACCESS |
| Uniform Resource Identifier |
https://dspace.nplg.gov.ge/bitstream/1234/491921/1/BasianiKulturisDzeglebisKatalogi.pdf |
| Link text |
ე. ვერსია |
| 942 ## - ADDED ENTRY ELEMENTS (KOHA) |
| Source of classification or shelving scheme |
|
| Koha item type |
წიგნი |